| 000 | 01090nam a22002417a 4500 | ||
|---|---|---|---|
| 999 |
_c19278 _d19278 |
||
| 003 | AR-CdUCM | ||
| 008 | 190517b ||||| |||| 00| 0 spa d | ||
| 040 |
_aMUNICIPALIDAD PROVINCIAL DEL CUSCO _cBIBLIOTECA MUNICIPAL DEL CUSCO |
||
| 041 | _heng | ||
| 082 |
_a637.1 / _bJ83 |
||
| 100 |
_aJudkins, Henry Forest _940530 |
||
| 245 |
_aLa leche : _bsu producción y procesos industriales / |
||
| 260 |
_aMéxico D. F. : _bContinental, _c1962. |
||
| 300 |
_a495 páginas ; _bfiguras, tablas, cuadros plegables, _c23 cm. |
||
| 505 | _aContenido: Panorama general de la Industria Lechera -- Puntos esenciales para tener éxito en la operación de una granja lechera -- Composición y propiedades de la leche y factores que la afectan -- La secreción de la leche -- Las razas lecheras -- La crianza del ganado lechero ... | ||
| 650 |
_aIndustria lechera _928789 |
||
| 650 |
_aProducción _91785 |
||
| 650 |
_aGanado lechero _932672 |
||
| 700 |
_aKeener, Harry A. (coautor) _940531 |
||
| 700 |
_aVasseur Walls, Alfonso (traducción) _940532 |
||
| 942 |
_2ddc _cLIBROS |
||
| 945 |
_aachl _d2019-05-17 |
||